Olivia Rodrigo - Guess The Song w/ No Hint - Statistics

General Stats
  • This quiz has been taken 5,891 times
  • The average score is 248 of 361
Answer Stats
Answer % Correct
Chorus | Verse I
97%
you
90%
you,
90%
go
87%
me
84%
we
83%
the
82%
my
81%
drive
80%
love
80%
so
80%
to
80%
your
79%
And
77%
for
77%
got
76%
like
76%
be
75%
driver's
75%
were
75%
we're
75%
do,
74%
Just
74%
just
74%
about
73%
always
73%
But
73%
but
73%
in
73%
last
73%
that
73%
I'm
72%
license
72%
week
72%
know
71%
talked
71%
Cause
70%
cause
70%
house
69%
how
69%
can't
68%
Can't
68%
could
67%
never
67%
now
67%
Who
67%
drove
66%
this
66%
today
66%
Today
66%
up
66%
weren't
66%
all
65%
excited
65%
hear
65%
perfect
65%
through
65%
way
65%
ever
64%
finally
64%
past
64%
girl
63%
said
63%
still
63%
street
63%
what
63%
are
62%
felt
62%
gone
62%
much
62%
okay
62%
suburbs
62%
with
62%
alone
61%
didn't
61%
imagine
61%
I've
61%
see
61%
forever
60%
forever,
60%
mean
60%
song
60%
blonde
59%
lights,
59%
Bridge Red
59%
stop
59%
wrote
59%
around
58%
Cryin'
58%
made
58%
no-one
58%
no-one,
58%
face
57%
signs
57%
someone
57%
friends
56%
fuckin'
56%
She's
56%
than
56%
everything
55%
Guess
55%
guess
55%
Of
55%
babe
54%
doubt
54%
else
54%
insecure
54%
miss
54%
probably
54%
used
54%
feel
53%
older
53%
was
53%
Yeah,
53%
yeah
53%
sorry
52%
tired
52%
them
51%
kinda
50%
hearing
48%
oh
48%
places
47%
they'll
47%
home
46%
driving
45%
voice
43%
traffic,
42%
white
42%
laughing
41%
pictured
40%
Over
39%
cars,
38%
front
38%
noise
37%
God,
35%
blue,
34%
yard
34%
crossed
30%
Sidewalks
30%
Ooh,
20%
No matching quizzes found
Score Distribution
Percent of People with Each Score
Percentile by Number Answered
Your Score History
You have not taken this quiz